000
00352nam a2200157Ia 4500
003
OSt
005
20240101060837.0
008
170524s9999 xx 000 0 und d
020
_a
9780074623534
040
_c
IIMT UNIVERSITY
100
_a
Kumar Ram
245
0
_a
Programming in ANSI C
260
_b
TMH New Delhi
260
_c
2006
942
_2
ddc
_c
02
999
_c
4954
_d
4954